| 000 | 00455nam a2200181Ia 4500 | ||
|---|---|---|---|
| 003 | IIN | ||
| 005 | 20240102122255.0 | ||
| 008 | 231217s9999 xx 000 0 und d | ||
| 020 |
_cRs.185.00 _a9788173819636 |
||
| 040 |
_aIIN _bEnglish |
||
| 082 |
_a572.3 _bHAR |
||
| 100 | 1 | _aHaridas, N. | |
| 245 | 1 |
_aBiochemistry for Medical Students _cN. Haridas |
|
| 260 |
_bNCBA _aLondon _c2016 |
||
| 300 | _axi, 170 p. | ||
| 650 | 1 | _aBiochemistry | |
| 942 | _cBOOK | ||
| 999 |
_c156 _d156 |
||